| 000 | 00488cam a2200193ua 4500 | ||
|---|---|---|---|
| 001 | 3456 | ||
| 008 | 111118n ii |||gr||||Z||||||asm | ||
| 040 | _cMAIN | ||
| 082 | _a100 | ||
| 100 | _aDurant, Will, | ||
| 245 | 1 | 1 |
_aDarshanar kahini _cby Will Durant |
| 250 | _a1st. | ||
| 260 |
_aGuwahati: _bAnundoram barooah institute of Language,995. |
||
| 300 |
_a642p: _c23cm. |
||
| 653 | _aPhiilosophy | ||
| 653 | _aDarshanar kahini | ||
| 700 |
_aDutta, Nilima, _eTranslated., |
||
| 942 | _cBK | ||
| 999 |
_c3299 _d3299 |
||